| 000 | 00997nim a2200289 a 4500 | ||
|---|---|---|---|
| 999 |
_c24110 _d24110 |
||
| 001 | vtls012235245 | ||
| 005 | 20251219143615.0 | ||
| 007 | sd fsngnnmmnud | ||
| 008 | 230719s2023 xo nnnnfs f n slo | ||
| 020 |
_a9788018116029 _q(zvuková kniha) |
||
| 040 |
_aLESKN _bslo _cLESKN _dSNK _eAACR2 |
||
| 041 | 1 |
_aslo _hswe |
|
| 044 |
_axo _cSK |
||
| 072 | 7 |
_a821.11 _xGermánske literatúry _2konspekt |
|
| 080 |
_a821.113.6-31 _22001 |
||
| 080 |
_a(0:82-312.4) _22001 |
||
| 080 |
_a(086.76) _22001 |
||
| 100 | 1 |
_aKepler, Lars _4aut _93646 |
|
| 245 | 1 | 0 |
_aPavúk _helektronický zdroj _c[Lars] Kepler ; číta: Peter Lejko |
| 260 |
_aLevoča _bSlovenská knižnica pre nevidiacich Mateja Hrebendu _c2023 |
||
| 300 |
_a1 elektronický optický disk (CD-ROM) _bdigitálny, mono, MP3 _c12 cm |
||
| 655 | 7 |
_azvukové záznamy _2SNKPH _94303 |
|
| 655 | 7 |
_ašvédske romány _2SNKPH _91715 |
|
| 655 | 7 |
_atrilery (romány) _2SNKPH _92135 |
|
| 655 | 7 |
_aCD-ROM _2SNKPH _93890 |
|
| 700 | 1 |
_aLejko, Peter _4nrt _94629 |
|